000 00614nam a2200205 a 4500
001 18410
003 CO-ViMGA
008 141112s2004 ck r 000 u spa d
020 _a848776746X
040 _aCO-ViMGA
_bspa
_cCO-ViMGA
082 0 4 _a792.02 C171t
100 1 _aCarballo Basadre, Carmen
_926214
245 1 0 _aTeatro y dramatización . Didáctica de la recreación colectiva
260 _aMálaga (España),
_cAljibe,
_c1995
300 _a108.p.
590 _aForma de adquisición : Premio - Mincultura
650 1 4 _aACTUACION TEATRAL
_926215
650 1 4 _aTEATRO - ENSEÑANZA
_96339
942 _2ddc
_cBK
999 _c27708
_d27708